Państwa, które zdobyły tytuł „Najsilniejszego Człowieka Świata” - Statystyki

Ogólne statystyki
  • Ten quiz został rozwiązany 33 razy
  • Średni wynik to 8 z 11
Statystyki odpowiedzi
# Państwa % Poprawnych
5 Polska
100%
12 Stany Zjednoczone
97%
1 Kanada
88%
8 Wielka Brytania
85%
1 Szwecja
76%
1 Norwegia
73%
4 Litwa
70%
2 Ukraina
70%
3 Finlandia
67%
9 Islandia
45%
1 Holandia
36%
Nie znaleziono quizów pasujących do podanych kryteriów
Rozkład punktacji
Procent ludzi z każdym wynikiem
Percentyl według liczby udzielonych odpowiedzi
Twoja historia wyników
Nie rozwiązałeś tego quizu